<?xml version="1.0" encoding="UTF-8"?>
<record
    xmlns:xsi="http://www.w3.org/2001/XMLSchema-instance"
    xsi:schemaLocation="http://www.loc.gov/MARC21/slim http://www.loc.gov/standards/marcxml/schema/MARC21slim.xsd"
    xmlns="http://www.loc.gov/MARC21/slim">

  <leader>01460nab a2200265uuc4500</leader>
  <controlfield tag="001">1081066</controlfield>
  <controlfield tag="005">20260211100547.0</controlfield>
  <controlfield tag="008">080519s2008                        spa  </controlfield>
  <datafield tag="035" ind1=" " ind2=" ">
    <subfield code="a">1081066</subfield>
  </datafield>
  <datafield tag="035" ind1=" " ind2=" ">
    <subfield code="a">(OCoLC)820413969</subfield>
  </datafield>
  <datafield tag="040" ind1=" " ind2=" ">
    <subfield code="c">comduadb</subfield>
  </datafield>
  <datafield tag="041" ind1=" " ind2=" ">
    <subfield code="a">spa</subfield>
  </datafield>
  <datafield tag="100" ind1="1" ind2="0">
    <subfield code="a">Carrillo, Jos&#xE9;</subfield>
    <subfield code="4">aut</subfield>
    <subfield code="e">aut</subfield>
    <subfield code="9">586981</subfield>
  </datafield>
  <datafield tag="245" ind1="1" ind2="0">
    <subfield code="a">An&#xE1;lisis de secuencias de aprendizaje matem&#xE1;tico desde la perspectiva d e la gesti&#xF3;n de la participaci&#xF3;n</subfield>
  </datafield>
  <datafield tag="520" ind1="3" ind2=" ">
    <subfield code="a">El aula de matem&#xE1;ticas puede ser objeto de an&#xE1;lisis desde muy diversas perspectivas. En este art&#xED;culo se estudia la gesti&#xF3;n de la participaci&#xF3;n de los alumnos en los procesos de aprendizaje relacionados con el contenido matem&#xE1;tico. Para ello desarrollamos un instrumento de an&#xE1;lisis y mostramos su utilidad aplic&#xE1;ndolo a una sesi&#xF3;n sobre pol&#xED;gonos. Nos centramos en c&#xF3;mo la maestra promueve procesos de responsabilizaci&#xF3;n, comunicaci&#xF3;n y validaci&#xF3;n.</subfield>
  </datafield>
  <datafield tag="650" ind1=" " ind2="0">
    <subfield code="a">Proceso ense&#xF1;anza-aprendizaje</subfield>
    <subfield code="9">24864</subfield>
  </datafield>
  <datafield tag="650" ind1=" " ind2="7">
    <subfield code="a">Pol&#xED;gonos</subfield>
    <subfield code="2">lemb</subfield>
    <subfield code="9">13258</subfield>
  </datafield>
  <datafield tag="650" ind1=" " ind2="7">
    <subfield code="a">Matem&#xE1;ticas</subfield>
    <subfield code="x">Ense&#xF1;anza</subfield>
    <subfield code="2">lemb</subfield>
    <subfield code="9">190108</subfield>
  </datafield>
  <datafield tag="700" ind1="1" ind2="0">
    <subfield code="a">Climent, Nuria</subfield>
    <subfield code="4">aut</subfield>
    <subfield code="e">aut</subfield>
    <subfield code="9">443808</subfield>
  </datafield>
  <datafield tag="700" ind1="1" ind2="0">
    <subfield code="a">Gorgori&#xF3; Sol&#xE1;, N&#xFA;ria</subfield>
    <subfield code="4">aut</subfield>
    <subfield code="e">aut</subfield>
    <subfield code="9">418415</subfield>
  </datafield>
  <datafield tag="700" ind1="1" ind2="0">
    <subfield code="a">Prat, Montserrat</subfield>
    <subfield code="4">aut</subfield>
    <subfield code="e">aut</subfield>
    <subfield code="9">583088</subfield>
  </datafield>
  <datafield tag="700" ind1="1" ind2="0">
    <subfield code="a">Rojas, Francisco</subfield>
    <subfield code="4">aut</subfield>
    <subfield code="e">aut</subfield>
    <subfield code="9">513867</subfield>
  </datafield>
  <datafield tag="773" ind1="0" ind2=" ">
    <subfield code="t">Ense&#xF1;anza de las Ciencias : Revista de Investigaci&#xF3;n y Experiencias Did&#xE1;cticas</subfield>
    <subfield code="g">Vol. 26, No. 01, Mar. 2008, p. 67-76</subfield>
    <subfield code="w">1034161</subfield>
    <subfield code="x">0212-4521</subfield>
    <subfield code="0">420437</subfield>
  </datafield>
  <datafield tag="942" ind1=" " ind2=" ">
    <subfield code="c">ARIMP</subfield>
  </datafield>
  <datafield tag="999" ind1=" " ind2=" ">
    <subfield code="c">462816</subfield>
    <subfield code="d">462816</subfield>
  </datafield>
</record>
